CATÁLOGO PÚBLICO DE LA BIBLIOTECA OSCAR VARSAVSKY

Modelo sistemático de evaluación de programas de innovación educativa. Mosepie. El proceso constructivo de el método. (Registro nro. 3308)

Detalles MARC
000 -CABECERA
campo de control de longitud fija 00600nam a22002177a 4500
001 - NÚMERO DE CONTROL
campo de control T027600002148
008 - DATOS DE LONGITUD FIJA--INFORMACIÓN GENERAL
campo de control de longitud fija 181111b xve|||||r|||| 00| | esp d
020 ## - NÚMERO INTERNACIONAL ESTÁNDAR DEL LIBRO
Número Internacional Estándar del Libro 980-6062-40-X
099 ## - SIGNATURA TOPOGRÁFICA LOCAL
Número de clasificación 370
Cutter R771
100 ## - ENTRADA PRINCIPAL--NOMBRE DE PERSONA
Nombre de persona Rondón A, Jesús M.
245 ## - MENCIÓN DE TÍTULO
Título Modelo sistemático de evaluación de programas de innovación educativa. Mosepie. El proceso constructivo de el método.
260 ## - PUBLICACIÓN, DISTRIBUCIÓN, ETC. (PIE DE IMPRENTA)
Lugar de publicación, distribución, etc. 1993
300 ## - DESCRIPCIÓN FÍSICA
Extensión 79
500 ## - NOTA GENERAL
Nota general
650 ## - PUNTO DE ACCESO ADICIONAL DE MATERIA--TÉRMINO DE MATERIA
Término de materia o nombre geográfico como elemento inicial Lenguaje.
650 ## - PUNTO DE ACCESO ADICIONAL DE MATERIA--TÉRMINO DE MATERIA
Término de materia o nombre geográfico como elemento inicial Rasgo del discurso capitalista.
650 ## - PUNTO DE ACCESO ADICIONAL DE MATERIA--TÉRMINO DE MATERIA
Término de materia o nombre geográfico como elemento inicial Información.
650 ## - PUNTO DE ACCESO ADICIONAL DE MATERIA--TÉRMINO DE MATERIA
Término de materia o nombre geográfico como elemento inicial Propagandas.
650 ## - PUNTO DE ACCESO ADICIONAL DE MATERIA--TÉRMINO DE MATERIA
Término de materia o nombre geográfico como elemento inicial Economía.
942 ## - ELEMENTOS DE PUNTO DE ACCESO ADICIONAL (KOHA)
Tipo de ítem Koha Libro
Existencias
Estado de retiro Estado de pérdida Estado dañado No para préstamo Localización permanente Ubicación/localización actual Fecha de adquisición Total de préstamos Signatura topográfica completa Código de barras Fecha visto por última vez Precio válido a partir de Tipo de ítem Koha
        Oscar Varsavsky Oscar Varsavsky 13.11.2018   370 R771 T027600002140 13.11.2018 13.11.2018 Libro